000 01143nam a2200325 i 4500
001 000016837
003 DO-SdBNP
005 20260427092816.0
007 ta
008 100310s1992 dr a 000 0 spa d
040 _aDO-SdBNP
_bspa
_cBNPHU
_erda
049 _aBNPD
082 4 _a336.2
_bS232i
_222
100 1 _aSantana, Isidoro,
_98486
_eautor
245 1 3 _aEl impacto distributivo de la gestión fiscal en la República Dominicana /
_cIsidoro Santana, Magdalena Rathe.
260 _aSanto Domingo :
_bFundación Siglo 21,
_c1992.
264 _aSanto Domingo :
_bTaller,
_c1992.
300 _a268 páginas :
_bilustraciones ;
_c24 cm.
336 _2rdacontent
_atexto
_btxt
337 _2rdamedia
_asin mediación
_bnc
338 _2rdacarrier
_avolumen
_bn
500 _aIncluye referencias bibliográficas y notas al pie de las páginas
504 _aBibliografía : p. 264-268
590 _aInventariado, 2023/BT
650 0 _aImpuestos
_zRepública Dominicana
_98380
650 0 _aPolítica de gastos públicos
_937285
651 4 _aRepública Dominicana
_xCondiciones sociales
_946
910 _aBtavárez
942 _2ddc
_cLBS1
999 _c16369
_d16369